PT Building Services Limited v ROK Build Limited (Record no. 81430)

MARC details
000 -LEADER
fixed length control field 02074cad a22002655a 4500
001 - CONTROL NUMBER
control field L147203
008 - FIXED-LENGTH DATA ELEMENTS--GENERAL INFORMATION
fixed length control field 090415e20081208xxk f v 000 0 eng d
035 ## - SYSTEM CONTROL NUMBER
System control number (Sirsi) u147203
041 0# - LANGUAGE CODE
Language code of text/sound track or separate title eng
245 04 - TITLE STATEMENT
Title PT Building Services Limited v ROK Build Limited
Medium [electronic resource]
260 ## - PUBLICATION, DISTRIBUTION, ETC.
Date of publication, distribution, etc. 2009
520 ## - SUMMARY, ETC.
Summary, etc. [2008] EWHC 3434 (TCC), 08 December 2008. The case considers whether a party is irrevocably bound by his choice. ROK Build Limited (R) engaged PT Building Services Limited (P) to carry out works for it. They had a dispute over their contract brought to adjudication. P sought enforcement of an adjudicator's decision. R resisted enforcement of this decision on the grounds that the adjudicator had no jurisdiction. P issued a notice of second adjudication. R objected that the second adjudicator had no jurisdiction because the grounds of dispute had already been dealt with by the first adjudication. The second adjudicator resigned. P argued that this argument meant that R was accepting the decision of the first adjudicator as valid and binding. "Held": The judge decided that by using the first decision to persuade the second adjudicator to resign, R was accepting his decision as valid and binding. R could not now resist this first decision in enforcement proceedings.
590 ## - LOCAL NOTE (RLIN)
Local note KA
650 24 - SUBJECT ADDED ENTRY--TOPICAL TERM
Topical term or geographic name entry element PT BUILDING SERVICES LIMITED V ROK BUILD LIMITED
650 24 - SUBJECT ADDED ENTRY--TOPICAL TERM
Topical term or geographic name entry element NIKKO HOTELS (UK) LTD V MEPC PLC
650 24 - SUBJECT ADDED ENTRY--TOPICAL TERM
Topical term or geographic name entry element BOUYGUES UK LTD V DAHL-JENSEN UK LTD
650 24 - SUBJECT ADDED ENTRY--TOPICAL TERM
Topical term or geographic name entry element CARILLION CONSTRUCTION LTD V DEVONPORT ROYAL DOCKYARD LTD
650 24 - SUBJECT ADDED ENTRY--TOPICAL TERM
Topical term or geographic name entry element HART INVESTMENTS LTD V FIDLER AND ANOTHER
650 24 - SUBJECT ADDED ENTRY--TOPICAL TERM
Topical term or geographic name entry element COLLINS (CONTRACTORS) LTD V BALTIC QUAY MANAGEMENT (1994) LTD
650 24 - SUBJECT ADDED ENTRY--TOPICAL TERM
Topical term or geographic name entry element AMEC CIVIL ENGINEERING LTD V SOS TRANSPORT
651 #4 - SUBJECT ADDED ENTRY--GEOGRAPHIC NAME
Geographic name England and Wales
Chronological subdivision 1543-
690 ## - LOCAL SUBJECT ADDED ENTRY--TOPICAL TERM (OCLC, RLIN)
Topical term or geographic name as entry element MANAGEMENT-DISPUTE AVOIDANCE, MANAGEMENT AND RESOLUTION-DISPUTE MANAGEMENT AND RESOLUTION-ALTERNATIVE DISPUTE RESOLUTION-ADJUDICATION
856 40 - ELECTRONIC LOCATION AND ACCESS
Uniform Resource Identifier <a href="https://www.bailii.org/ew/cases/EWHC/TCC/2008/3434.html">https://www.bailii.org/ew/cases/EWHC/TCC/2008/3434.html</a>
Public note View the case free of charge at www.bailli.org...
942 ## - ADDED ENTRY ELEMENTS (KOHA)
Suppress in OPAC 0
Holdings
Withdrawn status Lost status Source of classification or shelving scheme Damaged status Not for loan Home library Current library Shelving location Date acquired Total Checkouts Full call number Barcode Date last seen Copy number Price effective from Koha item type
    Dewey Decimal Classification     Virtual Virtual Online 15/04/2009   ONLINE PUBLICATION 147203-2001 06/08/2019 1 06/08/2019 Law report